000 00680cam a22001814a 4500
005 20250605164405.0
008 250528s ||||||||||||||||||||||||d
035 _a24791
040 _aGR-AtMCL
_bgre
_dGR-AtMCL
_eAACR2
245 1 _aTaming the Beast / EOS Overcomes the Challenges of Pure AM
260 _bBpa Worldwide,
_c2023
300 _a38
520 _aTaming the Beast, Stack the Odds, A Kit for Better Care, Room to Grow, Testing, It's Electrifying, Conference Q&As, Flexible Electronics, Reinventing Additive, Personalization at Scale What Do You Need to Know, Rocky Roads.
700 1 _aGriffins Laura
_99479
942 _cCR
999 _c9638
_d9638